| 000 | 00593nam a2200217 a 4500 | ||
|---|---|---|---|
| 001 | 5061 | ||
| 003 | CO-ViMGA | ||
| 008 | 141112s2004 ck r 000 u spa d | ||
| 020 | _a0201653559 | ||
| 040 |
_aCO-ViMGA _bspa _cCO-ViMGA |
||
| 082 | 0 | 4 | _aMEVIECAR.642 G714 |
| 100 | 1 |
_aGraham, Ian _93301 |
|
| 245 | 1 | 0 |
_aMetodos orientados a objetos / _cGraham Ian |
| 250 | _a2. | ||
| 260 |
_aArgentina : _bAddison - Wesley, _c1996 |
||
| 300 | _a610 p | ||
| 590 | _aDatos de inventario : 05689 | ||
| 650 | 1 | 4 | _aLENGUAJES DE PROGRAMACION |
| 650 | 1 | 4 | _aPROGRAMACION DE COMPUTADORES |
| 942 |
_2ddc _cBK |
||
| 999 |
_c17062 _d17062 |
||